[Event "Turkish Women-ch Arzum 2022"]
[Site "Ayvalik"]
[Date "2022.03.07"]
[Round "4.18"]
[White "Aydin, Gulenay"]
[Black "Turunz, Dilek"]
[Result "1-0"]
[WhiteElo "2069"]
[BlackElo "1443"]
[Annotator "TA"]
[PlyCount "119"]
[EventDate "2022.03.04"]
[EventType "swiss"]
[EventCountry "TUR"]
[SourceTitle "playchess.com"]
[Source "ChessBase"]
[SourceQuality "1"]

{[%evp 16,119,0,-1,8,-14,0,0,-2,-43,-40,-131,-73,-175,-161,-158,-164,-167,-175,-167,-170,-163,-25,-64,-62,-210,-201,-197,-205,-245,-69,-187,-164,-192,-163,-149,-116,-106,0,0,92,-111,0,0,0,0,0,0,0,0,0,0,0,0,0,0,0,0,0,-57,102,79,730,707,742,735,736,720,747,745,724,727,720,716,704,703,641,619,687,636,680,657,1162,1052,12843,12843,12844,12844,12845,12845,12845,12846,12849,12849,12850,12850,27998,27998,27999,27999,27999,27999,27999,27999,27999,27999]} 1. e4 c5 2. Nf3 Nc6 3. d3 g6 4. g3 Bg7 5. Bg2 d6 6. O-O Nf6 7. Nbd2 O-O 8. Re1 Qc7 9. c3 Rd8 {A05: Réti Opening: 1 Nf3 Nf6.} 10. Qe2 Rb8 {[#]} 11. Nf1 $146 ({Predecessor:} 11. a4 a6 12. Ra3 b5 13. axb5 axb5 14. Nf1 b4 15. Ra4 Bd7 16. Ra6 Rb6 17. Rxb6 Qxb6 {0-1 (36) Lobe,S (1774)-Baldus,A (1811) Nordrheinwestfalen 2019}) 11... b5 {The position is equal.} 12. h4 (12. d4 $11) 12... b4 $15 13. N3h2 ({White should play} 13. Bd2 $15) 13... h5 ({Better is} 13... bxc3 {And now ...Nd4 would win.} 14. bxc3 Nd7) 14. f4 (14. Ne3 $17 {was called for.}) 14... bxc3 $19 15. bxc3 Ng4 16. Bd2 Rb2 {[%cal Og7c3]} 17. Qd1 Qa5 (17... c4 18. Nxg4 Bxg4 19. Qc1 $17) 18. e5 {[#]} Nb8 (18... dxe5 $1 $19 19. Bxc6 Nxh2 20. Kxh2 exf4) 19. Nxg4 Bxg4 20. Bf3 ({Only move:} 20. Qc1 $1 $15 Rxa2 21. d4) 20... Bxf3 21. Qxf3 dxe5 ({And not} 21... Rxa2 22. c4 Qa6 23. Rxa2 Qxa2 24. exd6 $15) 22. fxe5 Rxa2 $2 (22... Qa6 $19 23. Rad1 Rxd3) 23. Rab1 (23. c4 $1 $15 Qa6 24. Rxa2 Qxa2 25. e6) 23... Qa6 24. e6 {[#]} f5 {Hoping for ...Nc6.} 25. Rb7 Nc6 26. Rd7 Qc8 (26... Rb2 $17) 27. Qd5 $1 $11 {[%csl LRa2,LRc5]} Ra6 (27... Rb2 $11) 28. Bg5 $2 {White is much more active.} (28. Qxc5 $16 {aiming for d4.} Rb6 29. Be3) 28... Re8 (28... Bxc3 $17 29. Re3 (29. Bxe7 Re8 $17) 29... Re8 30. Qxc5 Bh8) 29. Qxc5 {Threatens to win with d4.} Ra5 30. Qc4 {Black must now prevent d4.} Ne5 $1 31. Qxc8 Rxc8 32. Nd2 {Inhibits Nf3+.} Nxd7 33. exd7 Rd8 34. Rxe7 {Strongly threatening Re8+.} Bf8 $1 (34... Ra1+ $2 35. Kf2 Bf8 36. Re1 Bc5+ 37. d4 Rxe1 38. Bxd8 $18 (38. Kxe1 Rxd7 39. dxc5 Rd3 $16)) 35. Re8 Rxd7 36. Bh6 $1 Rf7 {[%cal Of5f4]} 37. Nf3 (37. Nc4 $1 $11 Rc5 38. Kf2) 37... Ra6 $2 (37... Ra1+ $15 {keeps the upper hand.} 38. Kf2 Ra5) 38. Ne5 $16 Raf6 {[%mdl 8192]} (38... Rg7 $16) 39. Nxf7 $18 Rxf7 {[%mdl 4096] Endgame KRB-KRB} 40. Ra8 a5 41. Kf2 a4 42. Kf3 a3 43. c4 a2 44. Bxf8 Rxf8 45. Rxa2 {KR-KR} Rd8 46. Ke3 Kf7 47. Ra7+ Ke6 48. d4 {[%cal Bd3d4,Bd4d5][%mdl 32]} Rd6 49. d5+ Ke5 50. Re7+ Kf6 51. Re6+ Rxe6+ 52. dxe6 Kxe6 {K3P-K3P} 53. Kf4 Kd6 54. Kg5 Kc5 55. Kxg6 Kxc4 56. Kxf5 {White mates.} Kd5 57. Kg5 Ke5 58. Kxh5 Kf5 59. g4+ Kf6 60. Kh6 {Quite a comeback for White.  Weighted Error Value: White=0.28 (precise) /Black=0.49} 1-0

[Event "Turkish Women-ch Arzum 2022"]
[Site "Ayvalik"]
[Date "2022.03.07"]
[Round "4.19"]
[White "Karatiken, Beray"]
[Black "Caglar, Sila"]
[Result "0-1"]
[WhiteElo "1380"]
[BlackElo "2200"]
[Annotator "TA"]
[PlyCount "58"]
[EventDate "2022.03.04"]
[EventType "swiss"]
[EventCountry "TUR"]
[SourceTitle "playchess.com"]
[Source "ChessBase"]
[SourceQuality "1"]

{[%evp 9,58,-25,0,-86,-66,-79,-76,-72,-87,-88,-100,-107,-88,-212,-213,-214,-204,-225,-225,-236,-241,-389,-397,-441,-441,-502,-485,-573,-572,-557,-562,-570,-528,-554,-552,-826,-812,-802,-822,-729,-718,-2111,-828,-1487,-795,-29982,-29982,-29991,-29992,-29993,-29994]} 1. d4 g6 2. Nc3 d5 3. Bf4 Bg7 4. Nf3 Nf6 {[%cal Bg8f6,Bf6h5,Bh5g3][%mdl 32]} 5. Ne5 O-O {[%cal Oc7c5]} 6. f3 {D00: 1 d4 d5: Unusual lines.} (6. h3 $11 {keeps the balance.}) 6... c5 7. e3 {[#]} Nh5 $146 ({Predecessor:} 7... Nc6 8. Bb5 Qb6 9. Bxc6 bxc6 10. O-O cxd4 11. exd4 Nh5 12. Qd2 f6 13. Na4 Qb5 {1-0 (38) Cayon,D (2069)-Pazos Gambarrotti,P (2059) Cali 2021}) 8. Bg3 {Black is better.} (8. dxc5 $2 d4 9. Ne4 dxe3 $17) 8... cxd4 9. exd4 Nxg3 10. hxg3 Nc6 (10... Qb6 {is more complex.} 11. Na4 Qa5+ 12. c3 Nc6 13. Nxc6 bxc6 14. f4 f6) 11. Nxc6 (11. Qd2 $17) 11... bxc6 $19 12. Qd2 Qd6 13. f4 Rb8 14. b3 c5 15. Ne2 (15. Rd1 {is a better defense.}) 15... cxd4 16. Nxd4 e5 17. Nb5 Qe7 {aiming for ...exf4+.} 18. Qe3 {[#]} Rxb5 $1 {[%mdl 512]} 19. Bxb5 Qb4+ 20. c3 Qxb5 21. fxe5 Bg4 {And now ...Re8 would win.} 22. Rh4 h5 {[%cal Og7h6,Bh7h5,Bh5g4][%mdl 32] [#] Hoping for ...Bh6!} 23. Rxg4 hxg4 24. O-O-O Re8 25. Qxa7 Bxe5 (25... Qe2 $142 26. Qd4 Qxa2) 26. Qe3 Bg7 27. Qg5 Bxc3 {Black mates.} 28. Qxg4 Qc5 29. Qa4 Re2 {Black took control after the opening.  Weighted Error Value: White=1.04/Black=0.18 (very precise)} 0-1

[Event "Turkish Women-ch Arzum 2022"]
[Site "Ayvalik"]
[Date "2022.03.07"]
[Round "4.20"]
[White "Buyuk, Elvin Esma"]
[Black "Acarbay, Algi"]
[Result "0-1"]
[WhiteElo "1326"]
[BlackElo "1992"]
[Annotator "TA"]
[PlyCount "126"]
[EventDate "2022.03.04"]
[EventType "swiss"]
[EventCountry "TUR"]
[SourceTitle "playchess.com"]
[Source "ChessBase"]
[SourceQuality "1"]

{[%evp 11,126,11,6,-5,-5,-5,-13,-6,5,0,14,-40,-35,-55,-47,-37,-46,-31,-6,-106,-112,-122,-65,-72,-48,-62,-55,-94,-83,-92,-87,-164,-171,-167,-134,-141,-133,-144,-135,-157,-145,-169,-163,-160,-157,-166,-165,-168,-160,-202,-202,-206,-183,-312,-260,-368,-373,-370,-348,-367,-226,-251,-231,-260,-246,-252,-203,-311,-209,-185,-154,-160,-174,-240,-233,-229,-223,-440,-439,-422,-422,-405,0,-372,-231,-237,-247,-248,-246,-872,-404,-381,-390,-822,-369,-360,-359,-318,-233,-698,-631,-801,-800,-1019,-1008,-1790,-989,-968,-906,-29987,-29988,-29992,-29990,-29990,-29991,-29992,-29993]} 1. d4 d5 2. Nf3 Nf6 3. e3 Bf5 4. c4 c6 5. Nc3 e6 6. a3 Nbd7 7. Be2 {D12: Slav Defence: 3 Nf3 Nf6 4 e3 Bf5.} h6 8. O-O Bd6 9. c5 {The position is equal.} Bc7 10. b4 {[#]} e5 $146 {[%cal Be6e5,Be5e4,Be4f3][%mdl 32]} ({Predecessor:} 10... a6 11. Bb2 O-O 12. a4 e5 13. b5 axb5 14. axb5 e4 15. Rxa8 Qxa8 16. Nh4 Bh7 {0-1 (45) Koszkul,W (2058)-Baumann,D (2067) Szklarska Poreba 2017}) 11. Nd2 (11. dxe5 $11 Nxe5 12. Nd4) 11... O-O 12. a4 Re8 13. Nb3 e4 14. b5 Nh7 15. f4 (15. a5 $11 {keeps the balance.}) 15... exf3 $1 $17 16. Bxf3 Bg6 ({Don't play} 16... Qh4 17. g3 Qh3 18. a5 $16 (18. Bg2 Qg4 $14)) ({Black should try} 16... Ndf6 $17 17. a5 Qb8) 17. a5 $15 a6 ({Much worse is} 17... Qh4 18. g3 Bxg3 19. hxg3 Qxg3+ 20. Bg2 $11) 18. b6 Bb8 19. g3 Ndf6 20. Ne2 Ng5 21. Nf4 (21. Bg2 $17 {might work better.}) 21... Nxf3+ 22. Qxf3 Be4 23. Qe2 Bxf4 24. Rxf4 Nh7 25. Kf1 Re6 26. Ke1 Ng5 27. Kd2 Nh3 28. Rf1 Qg5 29. Kc3 Rae8 30. Kb4 (30. Bd2 $17) 30... Qg6 $19 {White must now prevent ...Bd3.} 31. Kc3 {To avoid Bd3} Bf5 32. Bd2 (32. Qd1 $142) 32... Ng5 {[%cal Of5g4]} 33. Rae1 {[#]} (33. Bc1 $142) 33... Bg4 $1 {[%mdl 512]} 34. Qd3 Ne4+ 35. Kb4 Bf5 {[%cal Oe4g3,Bg4f5,Bf5d3,Bd3c2,Bc2g6][%mdl 32]} 36. Qe2 Nf6 {And now ...Bd3 would win.} 37. Rf4 Bd3 38. Qd1 Bc2 39. Qa1 (39. Qe2 {was the only defense.}) 39... Qd3 {[%csl Gc2][%cal Rd3b3]} 40. Qc3 Qb5+ 41. Ka3 Bg6 {Black is more active.} 42. Qb4 (42. Nc1 $142) 42... Qd3 43. Bc1 Ne4 {Inhibits Qd2.} 44. g4 $2 (44. Kb2 {was called for.}) 44... Nc3 45. Rf2 Nb5+ 46. Ka4 Nc3+ 47. Ka3 Nb1+ 48. Kb2 {[#]} Rf6 $1 49. Rfe2 Rf1 50. Ka1 $2 {[#]} (50. Na1 Rxe1 51. Rxe1) 50... Rxe1 (50... Nc3 $142 $1 {[%csl Gc3,Gg6][%cal Rd3b1][%mdl 512]} 51. Nd2 Qxe2 52. Rxf1 Rxe3) 51. Rxe1 Nc3 {[%csl Gc3,Gg6][%cal Rd3b1]} 52. Bb2 $2 (52. Bd2 Ne4 53. Ka2) 52... Nd1 (52... Rxe3 $142 53. Rc1 Ne2) 53. Nd2 Nxe3 {( -> ...Nc2+)} 54. Ka2 Re6 $40 {[%cal Be8e6,Be6e2,Be2c2][%mdl 160] Strongly threatening ...Nc2. Black is out for blood.} 55. Rc1 (55. Qc3) 55... Nxg4 56. h4 Re2 57. Nb1 Ne3 {Threatens to win with ...Nc4.} 58. Nc3 Rc2 {...Rxc1 is the strong threat.} 59. Re1 Nc4 60. Re8+ Kh7 {Black mates.} 61. Re7 Rxb2+ 62. Qxb2 Nxb2 63. Kxb2 Qc2+ {Weighted Error Value: White=0.71/Black=0.43} 0-1

[Event "Turkish Women-ch Arzum 2022"]
[Site "Ayvalik"]
[Date "2022.03.07"]
[Round "4.22"]
[White "Kucuk, Aybike"]
[Black "Engel, Ecrin Tuana"]
[Result "1-0"]
[WhiteElo "1439"]
[BlackElo "1250"]
[Annotator "NA RC"]
[PlyCount "71"]
[EventDate "2022.03.04"]
[EventType "swiss"]
[EventCountry "TUR"]
[SourceTitle "playchess.com"]
[Source "ChessBase"]
[SourceQuality "1"]
[TimeControl "5400+30"]

1. c4 {[%emt 0:01:00]} Nf6 {[%emt 0:01:00]} 2. Nc3 {[%emt 0:00:00]} g6 {[%emt 0:00:30]} 3. g3 {[%emt 0:00:00]} Bg7 {[%emt 0:00:00]} 4. Bg2 {[%emt 0:00:30]} c6 {[%emt 0:00:00]} 5. e3 {[%emt 0:00:30]} O-O {[%emt 0:00:30]} 6. Nge2 {[%emt 0:00:00]} d6 {[%emt 0:00:30]} 7. O-O {[%emt 0:00:00]} Nbd7 {[%emt 0:04:30]} 8. d4 {[%emt 0:02:30]} Qc7 {[%emt 0:00:30]} 9. b3 {[%emt 0:01:30]} Rb8 {[%emt 0:02:30]} 10. Bb2 {[%emt 0:04:30]} b5 {[%emt 0:06:30]} 11. cxb5 {[%emt 0:04:30]} cxb5 {[%emt 0:00:00]} 12. Rc1 {[%emt 0:01:30]} Qb6 {[%emt 0:00:00]} 13. Nf4 {[%emt 0:02:30]} e6 {[%emt 0:04:30]} 14. e4 {[%emt 0:08:30]} a6 {[%emt 0:15:30]} 15. Rc2 {[%emt 0:08:30]} Bb7 {[%emt 0:04:30]} 16. Qa1 {[%emt 0:04:30]} Rfc8 {[%emt 0:10:30]} 17. Rfc1 {[%emt 0:04:30]} Bh6 {[%emt 0:14:30]} 18. b4 {[%emt 0:24:30]} Qa7 {[%emt 0:18:25]} 19. Re1 {[%emt 0:06:30]} e5 {[%emt 0:09:03]} 20. dxe5 {[%emt 0:05:05]} dxe5 {[%emt 0:00:04]} 21. Nfd5 {[%emt 0:06:10]} Nxd5 {[%emt 0:02:38]} 22. exd5 {[%emt 0:00:02]} Qa8 {[%emt 0:00:04]} 23. Rce2 {[%emt 0:04:17]} Nb6 {[%emt 0:01:43]} 24. Ne4 {[%emt 0:02:07]} Bg7 {[%emt 0:01:41]} 25. Bxe5 {[%emt 0:01:03]} Bxe5 {[%emt 0:00:30]} 26. Qxe5 {[%emt 0:00:00]} Nxd5 {[%emt 0:00:58]} 27. Nc5 {[%emt 0:04:24]} Nxb4 {[%emt 0:01:26]} 28. Bxb7 {[%emt 0:00:59]} Rxb7 {[%emt 0:00:06]} 29. Nxb7 {[%emt 0:00:37]} Nd3 {[%emt 0:00:36]} 30. Qe7 {[%emt 0:01:05]} Nxe1 {[%emt 0:00:46]} 31. Rxe1 {[%emt 0:00:01]} Rc2 {[%emt 0:00:40]} 32. Qd7 {[%emt 0:00:37]} Qa7 {[%emt 0:00:30]} 33. Qe8+ {[%emt 0:02:52]} Kg7 {[%emt 0:00:30]} 34. Qe5+ {[%emt 0:00:00]} Kh6 {[%emt 0:01:24]} 35. Qf4+ {[%emt 0:00:17]} Kg7 {[%emt 0:00:00]} 36. Re7 {[%emt 0:00:00]} 1-0

[Event "Turkish Women-ch Arzum 2022"]
[Site "Ayvalik"]
[Date "2022.03.07"]
[Round "4.23"]
[White "Bursali, Ela"]
[Black "Alev, Gonulden Seda"]
[Result "0-1"]
[WhiteElo "1353"]
[BlackElo "1561"]
[Annotator "NA RC"]
[PlyCount "60"]
[EventDate "2022.03.04"]
[EventType "swiss"]
[EventCountry "TUR"]
[SourceTitle "playchess.com"]
[Source "ChessBase"]
[SourceQuality "1"]
[TimeControl "5400+30"]

1. e4 {[%emt 0:01:00]} c5 {[%emt 0:05:00]} 2. c3 {[%emt 0:00:00]} Nf6 {[%emt 0:00:30]} 3. e5 {[%emt 0:00:00]} Nd5 {[%emt 0:00:00]} 4. d4 {[%emt 0:00:30]} cxd4 {[%emt 0:02:00]} 5. cxd4 {[%emt 0:01:30]} e6 {[%emt 0:03:30]} 6. Nf3 {[%emt 0:02:30]} Qc7 {[%emt 0:03:30]} 7. Bd2 {[%emt 0:07:30]} Nc6 {[%emt 0:09:30]} 8. Bc4 {[%emt 0:02:30]} Nxd4 {[%emt 0:09:30]} 9. Nxd4 {[%emt 0:08:30]} Qxc4 {[%emt 0:03:30]} 10. Nf3 {[%emt 0:09:30]} Nb4 {[%emt 0:07:30]} 11. Bxb4 {[%emt 0:01:30]} Bxb4+ {[%emt 0:00:30]} 12. Nbd2 {[%emt 0:00:30]} b6 {[%emt 0:14:30]} 13. a3 {[%emt 0:01:30]} Qe4+ {[%emt 0:08:30]} 14. Kf1 {[%emt 0:05:30]} Qd3+ {[%emt 0:09:30]} 15. Kg1 {[%emt 0:02:30]} Be7 {[%emt 0:01:58]} 16. Rc1 {[%emt 0:09:30]} Ba6 {[%emt 0:03:19]} 17. Ne1 {[%emt 0:07:30]} Qd4 {[%emt 0:01:46]} 18. Qf3 {[%emt 0:06:30]} O-O {[%emt 0:00:18]} 19. Qc3 {[%emt 0:06:30]} Bc5 {[%emt 0:03:13]} 20. Qxd4 {[%emt 0:01:30]} Bxd4 {[%emt 0:00:02]} 21. Ndf3 {[%emt 0:02:30]} Bxb2 {[%emt 0:01:06]} 22. Rc7 {[%emt 0:00:30]} Bxa3 {[%emt 0:01:49]} 23. Rxd7 {[%emt 0:00:30]} Rfd8 {[%emt 0:00:01]} 24. Rxd8+ {[%emt 0:00:30]} Rxd8 {[%emt 0:00:01]} 25. h3 {[%emt 0:00:30]} Rd1 {[%emt 0:02:26]} 26. Kh2 {[%emt 0:00:00]} Bb2 {[%emt 0:00:56]} 27. Nc2 {[%emt 0:00:00]} Rxh1+ {[%emt 0:01:00]} 28. Kxh1 {[%emt 0:00:30]} Be2 {[%emt 0:00:30]} 29. Ncd4 {[%emt 0:00:30]} Bxf3 {[%emt 0:00:30]} 30. Nxf3 {[%emt 0:00:30]} a5 {[%emt 0:00:30]} 0-1

[Event "Turkish Women-ch Arzum 2022"]
[Site "Ayvalik"]
[Date "2022.03.07"]
[Round "4.24"]
[White "Kalyoncu, Beren"]
[Black "Susin, Derya Defne"]
[Result "0-1"]
[WhiteElo "1228"]
[BlackElo "1285"]
[Annotator "NA RC"]
[PlyCount "143"]
[EventDate "2022.03.04"]
[EventType "swiss"]
[EventCountry "TUR"]
[SourceTitle "playchess.com"]
[Source "ChessBase"]
[SourceQuality "1"]
[TimeControl "5400+30"]

1. d4 {[%emt 0:01:00]} Nf6 {[%emt 0:01:00]} 2. Bf4 {[%emt 0:00:30]} d5 {[%emt 0:00:30]} 3. Nf3 {[%emt 0:00:30]} e6 {[%emt 0:01:30]} 4. e3 {[%emt 0:00:30]} Bd6 {[%emt 0:00:30]} 5. Bg3 {[%emt 0:00:30]} O-O {[%emt 0:01:30]} 6. Bd3 {[%emt 0:00:30]} c5 {[%emt 0:02:30]} 7. c3 {[%emt 0:00:00]} Qc7 {[%emt 0:00:30]} 8. Nbd2 {[%emt 0:01:00]} Nbd7 {[%emt 0:03:30]} 9. Bxd6 {[%emt 0:04:30]} Qxd6 {[%emt 0:00:00]} 10. O-O {[%emt 0:00:30]} e5 {[%emt 0:04:00]} 11. dxe5 {[%emt 0:00:00]} Nxe5 {[%emt 0:01:30]} 12. Nxe5 {[%emt 0:00:00]} Qxe5 {[%emt 0:00:00]} 13. Nf3 {[%emt 0:00:30]} Qc7 {[%emt 0:03:00]} 14. h3 {[%emt 0:02:30]} b6 {[%emt 0:04:30]} 15. Qc2 {[%emt 0:06:30]} Bb7 {[%emt 0:03:30]} 16. Rfe1 {[%emt 0:02:30]} Rad8 {[%emt 0:00:00]} 17. Rad1 {[%emt 0:02:30]} Rfe8 {[%emt 0:05:00]} 18. Nd2 {[%emt 0:03:30]} g6 {[%emt 0:11:30]} 19. Be2 {[%emt 0:03:30]} Ne4 {[%emt 0:05:30]} 20. Nxe4 {[%emt 0:01:30]} dxe4 {[%emt 0:02:30]} 21. Bc4 {[%emt 0:01:30]} Re7 {[%emt 0:05:30]} 22. Rxd8+ {[%emt 0:02:30]} Qxd8 {[%emt 0:00:00]} 23. Rd1 {[%emt 0:00:00]} Rd7 {[%emt 0:01:00]} 24. Rxd7 {[%emt 0:01:00]} Qxd7 {[%emt 0:00:30]} 25. Bb3 {[%emt 0:03:30]} Kg7 {[%emt 0:03:30]} 26. Qd1 {[%emt 0:00:30]} Qxd1+ {[%emt 0:05:30]} 27. Bxd1 {[%emt 0:00:30]} Ba6 {[%emt 0:00:30]} 28. Kh2 {[%emt 0:00:30]} Kf6 {[%emt 0:00:30]} 29. Kg3 {[%emt 0:00:30]} Ke5 {[%emt 0:02:30]} 30. Kg4 {[%emt 0:01:30]} h6 {[%emt 0:03:30]} 31. h4 {[%emt 0:02:30]} Bf1 {[%emt 0:01:30]} 32. Kh3 {[%emt 0:03:30]} Kd5 {[%emt 0:04:30]} 33. Bb3+ {[%emt 0:02:30]} Bc4 {[%emt 0:00:30]} 34. Kg3 {[%emt 0:01:30]} Bxb3 {[%emt 0:03:30]} 35. axb3 {[%emt 0:00:30]} b5 {[%emt 0:01:30]} 36. Kf4 {[%emt 0:01:30]} a5 {[%emt 0:01:30]} 37. g4 {[%emt 0:00:30]} c4 {[%emt 0:03:50]} 38. b4 {[%emt 0:04:30]} axb4 {[%emt 0:02:30]} 39. cxb4 {[%emt 0:00:00]} c3 {[%emt 0:04:00]} 40. bxc3 {[%emt 0:00:00]} Kc4 {[%emt 0:00:00]} 41. Kxe4 {[%emt 0:01:30]} Kxc3 {[%emt 0:01:10]} 42. g5 {[%emt 0:01:30]} hxg5 {[%emt 0:01:51]} 43. hxg5 {[%emt 0:00:30]} Kxb4 {[%emt 0:00:12]} 44. Kd3 {[%emt 0:02:30]} Kc5 {[%emt 0:04:46]} 45. f4 {[%emt 0:01:30]} b4 {[%emt 0:01:23]} 46. e4 {[%emt 0:00:30]} b3 {[%emt 0:00:35]} 47. f5 {[%emt 0:00:30]} b2 {[%emt 0:00:47]} 48. Kc2 {[%emt 0:00:30]} Kd4 {[%emt 0:00:25]} 49. fxg6 {[%emt 0:00:30]} fxg6 {[%emt 0:00:30]} 50. Kxb2 {[%emt 0:00:30]} Kxe4 {[%emt 0:00:30]} 51. Kc2 {[%emt 0:00:00]} Kf4 {[%emt 0:00:00]} 52. Kd2 {[%emt 0:00:00]} Kxg5 {[%emt 0:00:00]} 53. Ke3 {[%emt 0:00:00]} Kg4 {[%emt 0:00:00]} 54. Ke2 {[%emt 0:00:00]} Kg3 {[%emt 0:01:53]} 55. Ke1 {[%emt 0:00:00]} g5 {[%emt 0:01:15]} 56. Kf1 {[%emt 0:00:00]} Kh2 {[%emt 0:00:00]} 57. Kf2 {[%emt 0:00:30]} g4 {[%emt 0:00:25]} 58. Ke3 {[%emt 0:00:30]} g3 {[%emt 0:00:00]} 59. Ke4 {[%emt 0:00:00]} g2 {[%emt 0:00:11]} 60. Kd4 {[%emt 0:00:00]} g1=Q+ {[%emt 0:00:30]} 61. Ke4 {[%emt 0:00:00]} Qf2 {[%emt 0:00:00]} 62. Ke5 {[%emt 0:00:00]} Kg3 {[%emt 0:00:21]} 63. Ke6 {[%emt 0:00:00]} Kg4 {[%emt 0:00:00]} 64. Ke5 {[%emt 0:00:00]} Qf7 {[%emt 0:00:00]} 65. Ke4 {[%emt 0:00:30]} Qe6+ {[%emt 0:00:13]} 66. Kd4 {[%emt 0:00:30]} Kf4 {[%emt 0:00:00]} 67. Kc5 {[%emt 0:00:00]} Ke5 {[%emt 0:00:08]} 68. Kb4 {[%emt 0:00:00]} Qc6 {[%emt 0:00:30]} 69. Kb3 {[%emt 0:00:30]} Kd4 {[%emt 0:00:30]} 70. Kb4 {[%emt 0:00:00]} Qb6+ {[%emt 0:00:00]} 71. Ka3 {[%emt 0:00:00]} Kc3 {[%emt 0:00:00]} 72. Ka2 {[%emt 0:00:30]} 0-1

[Event "Turkish Women-ch Arzum 2022"]
[Site "Ayvalik"]
[Date "2022.03.07"]
[Round "4.25"]
[White "Gedik, Eylul Ceren"]
[Black "Topal, Berfin"]
[Result "1-0"]
[WhiteElo "1282"]
[BlackElo "1322"]
[Annotator "NA RC"]
[PlyCount "101"]
[EventDate "2022.03.04"]
[EventType "swiss"]
[EventCountry "TUR"]
[SourceTitle "playchess.com"]
[Source "ChessBase"]
[SourceQuality "1"]
[TimeControl "5400+30"]

1. e4 {[%emt 0:01:00]} d5 {[%emt 0:03:00]} 2. exd5 {[%emt 0:00:30]} Qxd5 {[%emt 0:00:30]} 3. Nc3 {[%emt 0:00:30]} Qd8 {[%emt 0:00:00]} 4. d4 {[%emt 0:00:00]} Nf6 {[%emt 0:00:00]} 5. Nf3 {[%emt 0:00:00]} Bg4 {[%emt 0:00:30]} 6. h3 {[%emt 0:00:00]} Bxf3 {[%emt 0:00:30]} 7. Qxf3 {[%emt 0:00:00]} c6 {[%emt 0:00:00]} 8. Be3 {[%emt 0:00:30]} e6 {[%emt 0:00:00]} 9. O-O-O {[%emt 0:00:00]} Nbd7 {[%emt 0:00:30]} 10. g4 {[%emt 0:00:00]} Nb6 {[%emt 0:00:30]} 11. g5 {[%emt 0:02:30]} Nfd5 {[%emt 0:00:00]} 12. Nxd5 {[%emt 0:00:30]} Qxd5 {[%emt 0:00:00]} 13. Qxd5 {[%emt 0:02:30]} Nxd5 {[%emt 0:00:30]} 14. c4 {[%emt 0:01:30]} Nb4 {[%emt 0:01:30]} 15. a3 {[%emt 0:01:30]} Na6 {[%emt 0:00:30]} 16. b4 {[%emt 0:01:30]} Nc7 {[%emt 0:00:00]} 17. Kb2 {[%emt 0:03:30]} O-O-O {[%emt 0:05:00]} 18. Bg2 {[%emt 0:03:30]} Be7 {[%emt 0:00:30]} 19. Kb3 {[%emt 0:07:30]} Rd7 20. Rd2 {[%emt 0:00:30]} Rhd8 {[%emt 0:07:00]} 21. Rhd1 {[%emt 0:00:30]} a6 {[%emt 0:00:30]} 22. f4 {[%emt 0:04:30]} Ne8 {[%emt 0:01:30]} 23. d5 {[%emt 0:30:30]} exd5 {[%emt 0:02:30]} 24. cxd5 {[%emt 0:00:30]} cxd5 {[%emt 0:01:30]} 25. Bb6 {[%emt 0:06:30]} Nc7 {[%emt 0:00:30]} 26. h4 {[%emt 0:02:30]} Re8 {[%emt 0:06:30]} 27. Bh3 {[%emt 0:07:30]} Ne6 {[%emt 0:00:30]} 28. f5 {[%emt 0:00:30]} Nf4 {[%emt 0:01:30]} 29. Bg4 {[%emt 0:00:30]} f6 {[%emt 0:02:30]} 30. Rf1 {[%emt 0:03:30]} Bd6 {[%emt 0:01:30]} 31. Bd4 {[%emt 0:09:08]} Rf8 {[%emt 0:03:30]} 32. Be3 {[%emt 0:00:58]} Re8 {[%emt 0:09:30]} 33. Bxf4 {[%emt 0:00:40]} Bxf4 {[%emt 0:00:30]} 34. Rxf4 {[%emt 0:00:02]} Re3+ {[%emt 0:01:30]} 35. Kb2 {[%emt 0:00:49]} Kc7 {[%emt 0:00:30]} 36. Rfd4 {[%emt 0:02:17]} Kc6 {[%emt 0:01:30]} 37. Re2 {[%emt 0:01:20]} Re5 {[%emt 0:00:30]} 38. Rxe5 {[%emt 0:01:17]} fxe5 {[%emt 0:00:30]} 39. Rd3 {[%emt 0:00:08]} Rf7 {[%emt 0:01:30]} 40. h5 {[%emt 0:01:24]} d4 {[%emt 0:01:30]} 41. Bf3+ {[%emt 0:00:51]} Kb5 {[%emt 0:00:30]} 42. Be4 {[%emt 0:00:00]} Kc4 {[%emt 0:00:00]} 43. Rd2 {[%emt 0:00:27]} Rd7 {[%emt 0:01:00]} 44. Rc2+ {[%emt 0:00:30]} Kb5 {[%emt 0:00:30]} 45. Rc5+ {[%emt 0:00:14]} Kb6 {[%emt 0:00:00]} 46. Rxe5 {[%emt 0:00:58]} d3 {[%emt 0:00:00]} 47. Rd5 {[%emt 0:00:00]} Rxd5 {[%emt 0:00:30]} 48. Bxd5 {[%emt 0:00:00]} Kc7 {[%emt 0:00:30]} 49. Kc3 {[%emt 0:00:13]} Kd6 {[%emt 0:00:30]} 50. Bxb7 {[%emt 0:00:30]} Ke5 {[%emt 0:00:00]} 51. Bxa6 {[%emt 0:00:00]} 1-0